Kristinusko-visa - Statistics

Yleistilastot
  • Tätä visaa on pelattu 74 kertaa
  • Keskiarvotulos 17 / 20
Vastaustilastot
Vihje Vastaus % Oikein
Joulu
100%
Jeesuksen äiti Maria
100%
Tärkeimmät juhlat Pääsiäinen
100%
Pyhä kirja Raamattu
98%
Apostolien lukumäärä 12
95%
Pyhin kaupunki Jerusalem
95%
Jumalan kolme persoonaa Isä
92%
Katolisen kirkon johtaja Paavi
92%
Johannes
90%
Evankeliumien kirjoittajat Matteus
90%
Poika
90%
Pyhä henki
90%
Kaupunki, jossa Jeesus syntyi Betlehem
89%
Markus
89%
Maanosa, jossa on eniten kristittyjä Afrikka
87%
Luukas
87%
Jeesuksen pettänyt apostoli Juudas Iskariot
77%
Katolilaisuuden pyhä kaupunki Rooma
61%
Kukkula, jolla Jeesus ristiinnaulittiin Golgata
48%
Ortodoksisen kirkon johtaja Patriarkka
32%
Ehtoja vastaavia visoja ei löytynyt
Tulosjakauma
Jokaisen tuloksen saaneiden osuus
Persentiili vastausten määrän mukaan
Tuloshistoriasi
Et ole pelannut tätä visaa